Nutrition and diet therapy for nurses / (Record no. 18625)
[ view plain ]
| 000 -LEADER | |
|---|---|
| fixed length control field | 01805cam a22003374a 4500 |
| 001 - CONTROL NUMBER | |
| control field | 15934800 |
| 005 - DATE AND TIME OF LATEST TRANSACTION | |
| control field | 20141116155445.0 |
| 008 - FIXED-LENGTH DATA ELEMENTS--GENERAL INFORMATION | |
| fixed length control field | 091005t2011 xxuaa frbd 001 0 eng d |
| 010 ## - LIBRARY OF CONGRESS CONTROL NUMBER | |
| LC control number | 2009041913 |
| 020 ## - INTERNATIONAL STANDARD BOOK NUMBER | |
| International Standard Book Number | 9780131722163 (pbk. : alk. paper) |
| 020 ## - INTERNATIONAL STANDARD BOOK NUMBER | |
| International Standard Book Number | 0131722166 (pbk. : alk. paper) |
| 040 ## - CATALOGING SOURCE | |
| Original cataloging agency | DNLM/DLC |
| Transcribing agency | DLC |
| Modifying agency | NLM |
| -- | YDXCP |
| -- | C#P |
| -- | BWX |
| -- | DLC |
| -- | EG-ScBUE |
| 082 00 - DEWEY DECIMAL CLASSIFICATION NUMBER | |
| Classification number | 615.854 |
| Edition number | 22 |
| Item number | TUC |
| 100 1# - MAIN ENTRY--PERSONAL NAME | |
| Personal name | Tucker, Sheila Buckley |
| 9 (RLIN) | 36545 |
| 245 10 - TITLE STATEMENT | |
| Title | Nutrition and diet therapy for nurses / |
| Statement of responsibility, etc | Sheila Buckley Tucker, Vera Dauffenbach. |
| 260 ## - PUBLICATION, DISTRIBUTION, ETC. (IMPRINT) | |
| Place of publication, distribution, etc | Upper Saddle River, United States : |
| Name of publisher, distributor, etc | Pearson, |
| Date of publication, distribution, etc | c.2011. |
| 300 ## - PHYSICAL DESCRIPTION | |
| Extent | xvii, 638 p. : |
| Other physical details | ill. (col.) ; |
| Dimensions | 28 cm. |
| 500 ## - GENERAL NOTE | |
| General note | Includes appendixes. |
| 500 ## - GENERAL NOTE | |
| General note | Glossary : p. 590-597. |
| 500 ## - GENERAL NOTE | |
| General note | Index : p. 625-638. |
| 504 ## - BIBLIOGRAPHY, ETC. NOTE | |
| Bibliography, etc | Includes bibliographical references. |
| 505 0# - FORMATTED CONTENTS NOTE | |
| Formatted contents note | Nursing and nutrition care-Carbohydrates-Protein-Fats-Vitamins -Minerals-Fluid-Energy balance-Nutrition recommendations and standards-Community nutrition-Nutrition and sports-Nutritional assessment-Pregnancy and lactation-Infants, children, and adolescents-Adult and older adult-Nutrition care and support-Weight management-Cardiovascular and lipid disorders-Diabetes mellitus-Disorders of the gastrointestinal tract, liver, pancreas, and gallbladder-Renal disease-Physiologic stress-Cancer and human immunodeficiency virus (HIV) infection-Food, nutrient, and drug interactions-Dietary supplements in complementary care. |
| 650 #0 - SUBJECT ADDED ENTRY--TOPICAL TERM | |
| Topical term or geographic name as entry element | Diet therapy |
| 9 (RLIN) | 20992 |
| 650 #0 - SUBJECT ADDED ENTRY--TOPICAL TERM | |
| Topical term or geographic name as entry element | Nutrition |
| 9 (RLIN) | 19370 |
| 650 12 - SUBJECT ADDED ENTRY--TOPICAL TERM | |
| Topical term or geographic name as entry element | Diet Therapy |
| Form subdivision | Nurses' Instruction. |
| 9 (RLIN) | 36546 |
| 650 22 - SUBJECT ADDED ENTRY--TOPICAL TERM | |
| Topical term or geographic name as entry element | Nutritional Physiological Phenomena |
| Form subdivision | Nurses' Instruction |
| 9 (RLIN) | 36547 |
| 653 ## - INDEX TERM--UNCONTROLLED | |
| Resource For college | Nursing |
| Arrived date list | November2014 |
| 655 ## - INDEX TERM--GENRE/FORM | |
| Form subdivision | |
| -- | 34232 |
| 700 1# - ADDED ENTRY--PERSONAL NAME | |
| Personal name | Dauffenbach, Vera |
| 9 (RLIN) | 36548 |
| 942 ## - ADDED ENTRY ELEMENTS (KOHA) | |
| Source of classification or shelving scheme | Dewey Decimal Classification |
| Call number prefix | 615.854 TUC |
| Withdrawn status | Item status | Source of classification or shelving scheme | Damaged status | Not for loan | Vendor | Home library | Current library | Shelving location | Date acquired | Source of acquisition | Cost, normal purchase price | Serial Enumeration / chronology | Total Checkouts | Total Renewals | Full call number | Barcode | Date last seen | Date last borrowed | Cost, replacement price | Koha item type |
|---|---|---|---|---|---|---|---|---|---|---|---|---|---|---|---|---|---|---|---|---|
| Dewey Decimal Classification | Baccah | Central Library | Central Library | First floor | 16/11/2014 | Purchase | 246.00 | 20677 | 9 | 104 | 615.854 TUC | 000037007 | 15/07/2025 | 03/03/2019 | 307.50 | NB - Book (Non borrowing) |